000 00658nam a2200205Ia 4500
003 OSt
005 20260610111505.0
008 210210b1995 xxu||||| |||| 00| 0 eng d
040 _cAL
041 _aKonkani
082 _a491.463 MAHG
100 _aMAHALE (Kashinath Ja).
_962698
_dमहाले (काशीनाथ ज.)
245 _aGoyant challant ghollpi konkani utraval
_bगोंयांत चल्लांत घोळपी कोंकणी उत्रावळ
260 _aGoa
_bGoa Konkani Akademi
_c1995
300 _a247
650 _aGoa
_9265614
690 _aKonkani Dictionary
_962699
906 _a050548
942 _2ddc
_cBK
999 _c99156
_d99156